000 00496nam a2200181Ia 4500
008 100917s9999 xx 000 0 und d
082 _b64216
100 _aचव्हाण बियन
245 _aबडा फास्ट
260 _bसरस प्रकाशन
_c1984
300 _a207
365 _b32
520 _aकादंबरी
630 _aबडा फास्ट
650 _aकादंबरी
730 _aबडा फास्ट
942 _cBOOK
999 _c669610
_d669607